000 00413nam a22001457a 4500
005 20170828104850.0
020 _c60.00
035 _aB-055334
037 _aDPL
_bENG
100 _aVaradarajan, C.
245 _aThe divine life of Sri Sri Sitaramdas Omkarnath /
_cby C. Varadarajan
260 _aCalcutta
_bKinkar Rameshananda
_c1997
300 _a87p.
_c20 cms.
942 _2ddc
_cEN
_h230.55
_mVAR
999 _c64506
_d64506